000 01272nam a2200301 a 4500
001 000028660
005 20210824113541.0
008 110411s2010 dr abc r 000 0 spa d
020 _z9789945443585
040 _aDO-SdBNP
_bspa
_cBNPHU
082 _a724.1
_bC117m
100 1 _aCabral de Poladura, Atala
_924619
245 1 0 _aMuseo de las Casas Reales :
_bapuntes de un recorrido 1976-1988 /
_cAtala Cabral de Poladura ; compilación de textos Nieves Marías Mateo Gálvez.
260 _aSanto Domingo :
_bBanco Central de la República Dominicna,
_c2010.
300 _a181 p. :
_bil. mapas, retrs. ;
_c23 cm.
490 1 _aBanco Central de la República Dominicana
_v156
490 1 _aCiencias Sociales
_v23
500 _aIncluye índice onomástico
590 _aInventariado, 2018/BT
610 1 4 _aMUSEO DE LAS CASAS REALES
_xDESCRIPCIONES
_946118
650 4 _aColecciones museográficas
_946119
650 0 _aMonumentos históricos
_zRepública Dominicana
_955626
651 4 _aSanto Domingo (República Dominicana{Rpara}
_xMuseos
_946120
700 1 _aMateo Gálvez, Nieves Marías
_ecomp.
_955627
830 0 _aBanco Central de la República Dominicna
_v156
_955628
830 0 _aCiencias Sociales
_v23
_913247
910 _aValidado. Control de calidad. MMOLINA
999 _c28152
_d28152